000 00220 a2200097 4500
020 _a9789357324717
100 _aKrish Ashok
245 _aMasala lab(മസാല ലാബ്)
260 _bD C books
_c2025
942 _cOO
999 _c115284
_d115283